000 00376 a2200169 4500
001 176494
020 _a85-16-01640-4
040 _cMagnum
100 _aMurgel Branco, Samuel
240 1 0 _aO meio ambiente em debate
_lpor
245 1 0 _aO meio ambiente em debate
300 _a96
362 0 _a1997
440 1 _aModerna
697 _aEDUCAÇÃO AMBIENTAL
942 _cBK
999 _c176494
_d176494